00674nam a2200205Ia 450000500170000000800410001702000180005804000180007604100080009408200210010210000200012324500780014325000120022126000580023330000300029165000420032165000330036365000420039665000300043820241024094512.0210716s2010 xx 000 0 und d a9788122428049 cAIMIT LIBRARY aeng a005.73 21bPAHS aPahuja, Sanjay. aPractical approach to data structures and algorithms /cBy Sanjay Pahuja. a1st ed. aNew Delhi :bNew Age International Pvt Ltd. ,c2010 . axiii, 561p. ;c24 cm.bPB aSorting algorithms and their analysis aUnordered and ordered arrays aSorting algorithms and their analysis aNon linear data structure